|
|
แสดงรายละเอียดบรรณานุกรม |
|
|
Brief Record
: Get Marc (ISO 2709)
: E-mail record
: |
|
|
| LEADER 00000nam 2200000uu 4500 | |||
| 001 210657 | |||
| 003 ULIBM | |||
| 008 020711s2555 th a 000 0 tha d | |||
| 060 QZ4 พย218 2555 | |||
| 245 พยาธิวิทยา=^bGeneral pathology/^cบรรณาธิการ,เยาวลักษณ์ ฉ่ำกระมล,วิบูลย์ชัย ยุทธนวิบูลย์ชัย | |||
| 246 00 General pathology | |||
| 250 พิมพ์ครั้งที่ 3 | |||
| 260 ขอนแก่น :^bภาควิชาพยาธิวิทยา คณะแพทยศาสตร์ มหาวิทยาลัยขอนแก่น,^c2555 | |||
| 300 272 หน้า :^bภาพประกอบ ;^c26 ซม. | |||
| 650 พยาธิวิทยา | |||
| 650 0 เนื่องอก | |||
| 650 0 โรคติดเชื้อ | |||
| 650 0 โรคพันธุกรรม | |||
| 700 0 เยาวลักษณ์ ฉ่ำกระมล,บรรณาธิการ | |||
| 700 0 วิบูลย์ชัย ยุทธนวิบูลย์ชัย,บรรณาธิการ | |||
| 710 0 มหาวิทยาลัยขอนแก่น คณะแพทยศาสตร์ ภาควิชาพยาธิวิทยา | |||
| 999 ^aใช้งานได้ทุกระบบ | |||
| คุณยังไม่ได้ล็อกอิน คุณสามารถมีกิจกรรมร่วมกับเว็บไซต์ได้ แต่ต้องล็อกอินก่อน :: |
|
| สถานะ | |||||||||
| 1. | วิทยาศาสตร์สุขภาพ สถานะ=หนังสือเก่า - บริการ ณ ห้องสมุด (ห้องเหลือง) | QZ4 พย218 2555 ฉ.1 | On Shelf ขอยืม | ||||||
| 2. | วิทยาศาสตร์สุขภาพ สถานะ=หนังสือเก่า - บริการ ณ ห้องสมุด (ห้องเหลือง) | QZ4 พย218 2555 ฉ.2 | On Shelf ขอยืม | ||||||
| 3. | วิทยาศาสตร์สุขภาพ สถานะ=หนังสือเก่า - บริการ ณ ห้องสมุด (ห้องเหลือง) | QZ4 พย218 2555 ฉ.3 | On Shelf ขอยืม | ||||||
| 4. | วิทยาศาสตร์สุขภาพ | QZ4 พย218 2555 ฉ.4 | On Shelf ขอยืม | ||||||
| 5. | วิทยาศาสตร์สุขภาพ | QZ4 พย218 2555 ฉ.5 | On Shelf ขอยืม | ||||||
| 6. | วิทยาศาสตร์สุขภาพ | QZ4 พย218 2555 ฉ.6 | On Shelf ขอยืม | ||||||
| 7. | วิทยาศาสตร์สุขภาพ | QZ4 พย218 2555 ฉ.7 | On Shelf ขอยืม | ||||||
| 8. | วิทยาศาสตร์สุขภาพ สถานะ=หนังสือเก่า - บริการ ณ ห้องสมุด (ห้องเหลือง) | QZ4 พย218 2555 ฉ.8 | On Shelf ขอยืม | ||||||
| 9. | วิทยาศาสตร์สุขภาพ สถานะ=หนังสือเก่า - บริการ ณ ห้องสมุด (ห้องเหลือง) | QZ4 พย218 2555 ฉ.9 | On Shelf ขอยืม | ||||||
| 10. | วิทยาศาสตร์สุขภาพ สถานะ=หนังสือเก่า - บริการ ณ ห้องสมุด (ห้องเหลือง) | QZ4 พย218 2555 ฉ.10 | On Shelf ขอยืม | ||||||
| 11. | วิทยาศาสตร์สุขภาพ | QZ4 พย218 2555 ฉ.11 | On Shelf ขอยืม | ||||||
| [แสดง 11/11 รายการ] | |||||||||
| รายการใกล้เคียง หัวเรื่อง [พยาธิวิทยา]
|
BibComment |
| คอมเมนท์ทรัพยากรรายการนี้ |
|
|